|
|
|
|
| LEADER |
01279nam a2200289 u 4500 |
| 001 |
10055431 |
| 003 |
upatras |
| 005 |
20250311104729.0 |
| 008 |
051020s1973 mau eng d |
| 020 |
|
|
|a 0669863068
|
| 040 |
|
|
|a GR-PaULI
|b gre
|c GR-PaULI
|e AACR2
|
| 041 |
0 |
|
|a eng
|
| 082 |
0 |
4 |
|a 370
|
| 245 |
0 |
0 |
|a New strategies for educational development :
|b the cross-cultural rearch for nonformal alternatives /
|c Cole S. Brembeck, Timothy J. Thompson.
|
| 260 |
|
|
|a Lexington :
|b Lexington Books,
|c 1973.
|
| 300 |
|
|
|a xviii, 219 σ. ;
|c 24 εκ.
|
| 504 |
|
|
|a Περιλαμβάνει βιβλιογραφικές παραπομπές.
|
| 650 |
|
4 |
|a Εκπαίδευση
|x Φιλοσοφία
|9 329
|
| 650 |
|
0 |
|a Εκπαίδευση
|x Στόχοι και σκοποί
|9 191095
|
| 650 |
|
4 |
|a Εκπαίδευση και κράτος
|9 7584
|
| 700 |
|
|
|a Brembeck, Cole S.
|e επιμελητής
|9 47846
|
| 700 |
1 |
|
|a Thompson, Timothy J.
|e επιμελητής
|9 47847
|
| 852 |
|
|
|a GR-PaULI
|b ΠΑΤΡΑ
|b ΠΤΔΕ
|k ΑΣΧΞ
|h 370 BRE
|m 774
|p 025000033292
|t 1
|
| 942 |
|
|
|2 ddc
|c BK15
|
| 952 |
|
|
|0 0
|1 0
|4 0
|6 370_000000000000000_BRE
|7 0
|9 50426
|a PTDE
|b PTDE
|d 2016-04-24
|i 774
|l 0
|o 370 BRE
|p 025000033292
|r 2016-04-24 00:00:00
|t 1
|w 2016-04-24
|y BK15
|
| 998 |
|
|
|c ΤΣΕΝΕ
|d 2005-10
|
| 999 |
|
|
|c 31935
|d 31935
|